|
|
|
|
| LEADER |
01300nam a2200349 a 4500 |
| 001 |
001257780 |
| 003 |
CZ BrMZK |
| 005 |
20130131083001.0 |
| 007 |
ta |
| 008 |
121016s2004 xr g 000 f cze |
| 015 |
|
|
|a cnb001416260
|
| 020 |
|
|
|a 80-7281-182-7
|q (váz.)
|
| 035 |
|
|
|a (OCoLC)190394799
|
| 040 |
|
|
|a BOA001
|b cze
|
| 041 |
1 |
|
|a cze
|h ita
|
| 072 |
|
7 |
|a 821.131.1-3
|x Italská próza
|2 Konspekt
|9 25
|
| 080 |
|
|
|a 821.131.1-32
|2 MRF
|
| 080 |
|
|
|a (0:82-32)
|2 MRF
|
| 100 |
1 |
|
|a Baricco, Alessandro,
|d 1958-
|7 jo20010083068
|4 aut
|
| 245 |
1 |
0 |
|a Hedvábí /
|c Alessandro Baricco ; [přeložila Alice Flemrová]
|
| 260 |
|
|
|a Praha :
|b Eminent,
|c c2004
|
| 300 |
|
|
|a 100 s. ;
|c 21 cm
|
| 500 |
|
|
|a Přeloženo z italštiny
|
| 500 |
|
|
|a Dostupné též v digitální podobě v aplikaci Kramerius
|
| 655 |
|
7 |
|a italské novely
|7 fd183391
|2 czenas
|
| 765 |
0 |
|
|t Seta
|9 Česky
|
| 856 |
4 |
1 |
|u http://www.digitalniknihovna.cz/mzk/uuid/uuid:82882da0-68ff-11e5-b4b4-005056827e51
|y Digitalizovaný dokument
|x NDK
|
| 910 |
2 |
|
|a BOA001
|b 2-1291.184
|
| 990 |
|
|
|a BK
|
| 991 |
|
|
|b 201211
|e b
|f B-BAR
|
| 996 |
6 |
|
|b 2610527526
|c 2-1291.184
|l MZK
|r Sklad / do 1 hodiny
|n 0
|p kup
|w 001291611
|u 000010
|a 1
|e BOA001
|j MZK50
|s P
|
| 996 |
7 |
|
|b 2610527527
|c 2-1291.184
|l MZK
|r Sklad / do 1 hodiny
|n 10
|p kup
|w 001291611
|u 000020
|a 1
|e BOA001
|j MZK50
|s A
|